Meranie parametrov pôdy pre záhradkárske účely pomocou mikrokontoléra ESP32

Na minha lista:
Detalhes bibliográficos
Autor principal: Dúbravka, Martin (Author)
Outros Autores: Kováč, Szabolcs (Thesis advisor)
Formato: Manuscrito Livro
Idioma:eslovaco
Publicado em: 2025
Assuntos:
Acesso em linha:http://is.stuba.sk/zp/portal_zp.pl?podrobnosti=176696
Tags: Adicionar Tag
Sem tags, seja o primeiro a adicionar uma tag!

MARC

LEADER 00000ntm a22000003a 4500
001 stuzp103858
003 SK-STU
005 20250628210941.7
007 ta
008 150427s2015----xo-----f-mn---000-0-slo-d
040 |a STU  |b slo 
041 0 |a slo 
100 1 |a Dúbravka, Martin  |u 066000  |4 aut  |U MTF Materiálovotechnologická fakulta  |T MTF Ústav aplikovanej informatiky, automatizácie a mechatroniky  |X 121788  |U M6000  |Y 86  |7 121788 
242 0 1 |a Measurement of soil parameters for agricultural purposes using the ESP32 microcontroller  |y eng 
245 1 0 |a Meranie parametrov pôdy pre záhradkárske účely pomocou mikrokontoléra ESP32 
260 |c 2025 
650 4 |a mikrokontrolér  |2 slo 
650 4 |a parametre pôdy  |2 slo 
650 4 |a ESP32  |2 slo 
650 4 |a IoT  |2 slo 
650 4 |a microcontroller  |2 eng 
650 4 |a ESP32  |2 eng 
650 4 |a IoT  |2 eng 
650 4 |a soil parameters  |2 eng 
700 1 |a Kováč, Szabolcs  |u 066000  |k Z1  |4 ths  |U MTF Materiálovotechnologická fakulta  |T MTF Ústav aplikovanej informatiky, automatizácie a mechatroniky  |X 73542  |U M6000  |Y 86  |7 73542 
856 4 |u http://is.stuba.sk/zp/portal_zp.pl?podrobnosti=176696 
996 |c M* BP-9903  |l MMSKP  |s P  |a 0  |w stuzp103858_0001